000 00739nam a2200193 a 4500
008 080317s2006 ||||||||||||||||| || u
020 _a1930261144
050 _aS 494.5.U72 CIT
245 0 0 _aCities farming for the future: urban agriculture for green and productive cities
_cedited by René van Veenhuizen
260 _aOttawa
_bRAUF Foundation
_c2006
300 _axiii, 459p.: ill.
350 _a0.00
650 _aLAND USE, URBAN
650 _aURBAN AGRICULTURE
650 _aAGRICULTURE
650 _aSUSTAINABLE AGRICULTURE
650 0 _aFOOD SUPPLY
995 _aMAIN LIBRARY OPEN ACCESS
_D0.00
_e738761
_FCBU-MAIN LIBRARY (Kitwe)
_H1
_I0.00
_jS 494.5.U72 CIT
_M1
_UAVAILABLE
_WMar 17, 2008
_y738761
_ZMain Library Open Access Collection
999 _c79348
_d79348